LEADER 01331nam a2200289 a 4500 001 000000147876 003 CaOOAMICUS 005 20151202102959.0 008 151202s2015 gw u001 u eng r 020 $a978-3-16-154102-5* 032 $aLibriCat 040 $aPUL$bita 100 1 $aBaasland, Ernst.$0(OLS)http://pul/name/94478 245 10$aParables and rhetoric in the Sermon on the Mount :$bnew approaches to a classical text /$cErnst Baasland. 260 $aTübingen :$bMohr Siebeck,$cİ2015. 300 $aXXXI, 703 p. ;$c24 cm. 490 1 $aWissenschaftliche Untersuchungen zum Neuen Testament ;$v351 504 $aRiferimenti bibliografici e indici. 600 04$aIesus Christus$xParabole.$0(OLS)http://pul/subject/15760 830 0$aWissenschaftliche Untersuchungen zum Neuen Testament ;$v351.$0(OLS)http://pul/title/8628 850 $aPUL 852 $aPUL$W1$xSL Religione 1$y3$m16 H 351$j170719$qStampati$B171692$CPULBib$Z2$F171692 $H126648 $81 941 1 $a8 996 $6020$a978-3-16-154102-5*$9(OLS)http://pul/number/159138 996 $6245$aParables and rhetoric in the Sermon on the Mount :$bnew approaches to a classical text$9(OLS)http://pul/title/186605 996 $6260$aTübingen :$bMohr Siebeck$9(OLS)http://pul/publisher/52004 LEADER 01415nam a2200337 a 4500 001 000000176748 003 CaOOAMICUS 005 20240408145838.0 008 240408s2023 it u000 u ita r 020 $a978-88-6894-660-9* 032 $aLibriCat 040 $aPUL$bita 084 $a232 100 1 $aMoioli, Giovanni,$d1931-1984.$0(OLS)http://pul/name/11870 245 10$aCristologia :$bmomento storico : lettura delle fonti / $cGiovanni Moioli. 260 $aMilano :$bCentro Ambrosiano,$cİ2023. 300 $a499 p. ;$c22 cm 490 1 $aOpera omnia ;$v10 504 $aContiene riferimenti bibliografici. 650 4$aCristologia.$0(OLS)http://pul/subject/1402 800 1 $aMoioli, Giovanni,$d1931-1984.$tOpera omnia ;$v10.$0(OLS)http://pul/nameTitle/1839$0(OLS)http://pul/name/11870$0(OLS)http://pul/title/2415 850 $aPUL 852 $aPUL$W1$xSL Religione 3$y85$m232 MOIGI 1$j200758$qDDC 21$B205709$CPULBib$Z2$F205709 $H176748 $82 941 1 $a9 960 $aIesus Christus$91402 960 $aIesus Christus$91402 996 $6020$a978-88-6894-660-9*$9(OLS)http://pul/number/169638 996 $6084$a232$9(OLS)http://pul/classification/3299 996 $6245$aCristologia :$bmomento storico : lettura delle fonti / $9(OLS)http://pul/title/218233 996 $6260$aMilano :$bCentro Ambrosiano$9(OLS)http://pul/publisher/64424